Library Banner

Men and divorce: (Record no. 25433)

MARC details
000 -LEADER
fixed length control field 00397nam a2200157Ia 4500
001 - CONTROL NUMBER
control field 25259
008 - FIXED-LENGTH DATA ELEMENTS--GENERAL INFORMATION
fixed length control field 140411s9999 xx 000 0 und d
040 ## - CATALOGING SOURCE
Transcribing agency PK-LaUMT
082 ## - DEWEY DECIMAL CLASSIFICATION NUMBER
Classification number 306.89
Item number ABU-M
100 ## - MAIN ENTRY--PERSONAL NAME
Personal name John Abulafia
245 ## - TITLE STATEMENT
Title Men and divorce:
Remainder of title coping, learning, starting afresh
Statement of responsibility, etc John Abulafia
260 ## - PUBLICATION, DISTRIBUTION, ETC. (IMPRINT)
Place of publication, distribution, etc Collins:
Name of publisher, distributor, etc Fontana,
Date of publication, distribution, etc 1990
300 ## - PHYSICAL DESCRIPTION
Extent 195 p.
546 ## - LANGUAGE NOTE
Language note EN
942 ## - ADDED ENTRY ELEMENTS (KOHA)
Koha item type Books
Holdings
Withdrawn status Lost status Damaged status Not for loan Home library Current library Date acquired Total Checkouts Full call number Barcode Date last seen Date checked out Price effective from Koha item type
        UMT Main Campus UMT Main Campus 2014-04-11 2 306.89 ABU-M 28355 2021-11-13 2021-05-25 2014-04-24 Books